Cordula oder der Ernstfall

Uloženo v:
Podrobná bibliografie
Hlavní autor: Balthasar, Hans Urs von (Autor)
Médium: Kniha
Jazyk:němčina
Vydáno: Einsiedeln Johannes 1987
Vydání:1a. ed
Edice:Kriterien, 2
Témata:
Tagy: Přidat tag
Žádné tagy, Buďte první, kdo vytvoří štítek k tomuto záznamu!

MARC

LEADER 00000cam a2200000 a 4500
001 UCE7867
003 CL-VaPUC
008 150710e19870000sz |||||||||||||||||ger|d
020 |a 326510003 
082 0 4 |a 248.482  |b BAL  |2 21 
100 0 |a Balthasar, Hans Urs von  |e author  |9 580561 
245 1 0 |a Cordula oder der Ernstfall 
250 |a 1a. ed 
300 |a 132 p 
942 |c BK 
945 |d 20150710 13:45:00  |a dcastane 
260 |a Einsiedeln  |b Johannes  |c 1987 
650 0 |a Vida cristiana  |9 258753 
650 0 |a Vida religiosa  |9 257284 
583 |a last modification  |c 20150710 13:45:00  |k Rodrigo Vera 
490 0 |a Kriterien, 2 
999 |c 359854  |d 359852 
952 |0 0  |1 0  |3 erb  |4 0  |6 248_482000000000000_BAL_1987  |7 0  |8 A  |9 469412  |a BIBTEO  |b BIBTEO  |e Casale Rolle, Carlos Ignacio, -2014  |i 5183251  |o 248.482 BAL 1987  |p 5183251  |r 2025-01-17  |w 2019-11-23  |y BK  |z Catalogado en:20150710  |k ICR